| 000 | 00446pab a2200193 454500 | ||
|---|---|---|---|
| 008 | 180718b2012 xxu||||| |||| 00| 0 eng d | ||
| 100 | _aChristainsen, Gregory B. | ||
| 245 | _aBiology, immigration, and public policy | ||
| 260 | _c2012 | ||
| 300 | _ap.164-178. | ||
| 362 | _aMay | ||
| 650 | _aBiology | ||
| 650 | _aImmigration | ||
| 650 | _aHuman nature | ||
| 650 | _aPublic policy | ||
| 773 | _aKyklos | ||
| 908 | _aN | ||
| 909 | _a96842 | ||
| 999 |
_c96842 _d96842 |
||